000 00364nam a2200157Ia 4500
008 230917s9999||||xx |||||||||||||| ||und||
020 _cRS20
040 _e8530
_aMAIN
041 _aEnglish
082 _a327.11 S26W
100 _aShaw, Martin
245 0 _aWar, state and society
260 _aLondon
_bMacmillan
_c1984
300 _aviii, 266 p.
942 _cBK
999 _c52670
_d52670